02706nam a2200337 a 4500001001000000003000900010005001700019007000300036008004100039020001500080040002500095082003000120100003000150245006600180250001100246260004100257300002800298500007000326500020000396505114900596590002701745600003701772651006201809651004201871910003701913942001401950952014901964952011602113952012202229999001702351000022455DO-SdBNP20260321073640.0ta091204e1998 dr ac gr 001 edspa d a8492311339 aDO-SdBNPbspacBNPHU 4a320.97293bJ61c, 19982221 aJiménez, Felucho92327610a¿Cómo fue el gobierno de Juan Bosch? /cFelucho Jiménez. a4a ed. aSanto Domingo :bAlfa y Omega,c1998 a445 p. :bil. ;c21 cm. aIncluye datos biográficos del autor en la solapa de la cubierta aConstitución, leyes, decretos, programas y acciones relevantes del gobierno del prof. Juan Bosch del 1963. Incluye una entrevista especial al prof. Juan Bosch acerca de su programa de gobierno.0 aIntroduccción --gCapítulo primero --tLas elecciones del 1962 --tLey del Consejo de Estado que Convocó las elecciones del 1962 --tLos resultados electorales --gCapítulo segundo --tEl Presidente Bosch --tDiscurso de Toma de Posesión --tLo que hizo en siete meses --gCapítulo tercero --tLa constitución del 1963 --tCarta de presentación del proyecto de constitución --tLa constitución del 1963 --gCapítulo cuarto --tLas leyes más importantes --gCapítulo quinto --tLos decretos más importantes --tCapítulo sexto --tProyectos de ley al 25 de septiembre del 1963 --tAlgunos de los proyectos de ley que no llegaron a promulgarse o aprobarse --tLeyes del Gobierno de Bosch Derogadas o Modificadas por el Triunvirato hasta el 31 de diciembre del 1963 --tLeyes preparadas durante el Gobierno de Bosch que fueron Promulgadas por el Triunvirato hasta el 31 de diciembre del 1963 --gCapítulo séptimotDos discursos y una carta para la historia --tDiscursos del 16 de agosto del 1963 --tUna carta para la historia --gCapítulo octavo --tEl programa de gobierno (Entrevista al Prof. Juan Bosch) --. aInventariado, 2018/ YL10a Bosch, Juan, d1909-2001976555 4aRepública DominicanaxPolítica y Gobiernoy1961-9204 4aRepública DominicanaxHistoria9170 aValidado. Control de calidad MFF 2ddccLBS1 00102ddc56708DSaBNPHUbBNPHUcHDd2015-10-04eDonado por Martiza Báezo320.97293 J61c, 1998p22455-30r2020-06-25te. 3w2020-06-25yLBS1 00102ddc51708PDaBNPHUbBNPHUcHDd2010-10-11o320.97293 J61c, 1998p22455-10r2020-06-25w2020-06-25yLBS1 00102ddc51708PDaBNPHUbBNPHUcHDd2013-05-24o320.97293 J61c, 1998p22455-20r2020-06-25te. 2w2020-06-25yLBS1 c21953d21953